000
00225nam a2200097Ia 4500
005
20251222114355.0
008
251222s1900||||xx |||||||||||||| ||spa||
082
_a
DVD0092/F61/2006
245
0
_a
Huellas de santidad:
942
_c
DVD
999
_c
1407
_d
1407